00925nam a2200241 a 4500001000800000005001700008008004100025020001500066041000800081044000600089050002200095100002200117245012100139260005200260300003100312500004200343500012700385500001000512504002700522600006500549650005100614700001800665BRL_25120190320210644.0160713s1997----u--o######---#000-0#eng-# a0891780750 aeng au 4aE99.N3b.H43 19971 aHedlund, Ann Lane10aNavajo Weavingsbfrom the Andy Williams CollectioncAnn Lane Hedlund ; with a personal introduction by Bill Pearson. aSan Luis, MisuribSaint Louis Art Museumcc1997 a79 p.bil. a colorc30 cm. aIncluye dedicatoria para Ruth Lechuga aCatálogo de la exposición realizada en The Saint Louis Art Museum (San Luis, Misuri), 26 octubre, 1997 - 4 enero, 1998 aAu297 aBibliografía : p. 7914aWilliams, Andyd1927-2012vExposicionesxColecciones de arte14aFabricación de textiles navajovExposiciones1 aPearson, Bill